Disciplinárny súdny poriadok (1.)

Disciplinárne konanie a disciplinárny postih. Prokurátori, exekútori a notári. Predseda senátu, výkon funkcie sudcu a datáza prísediacich.

Guardado en:
Detalles Bibliográficos
Autor principal: Trizuliak, Tibor
Formato: Capítulo de libro
Lenguaje:eslovaco
Materias:
Etiquetas: Agregar Etiqueta
Sin Etiquetas, Sea el primero en etiquetar este registro!

MARC

LEADER 00000naa a2200000 4500
001 0280433
005 20240417075149.3
041 0 |a slo 
044 |a SK 
245 1 0 |a Disciplinárny súdny poriadok (1.)  |c Tibor Trizuliak 
520 |a Disciplinárne konanie a disciplinárny postih. Prokurátori, exekútori a notári. Predseda senátu, výkon funkcie sudcu a datáza prísediacich. 
610 2 0 |a poriadok súdny občiansky 
610 2 0 |a prokuratúra 
610 2 0 |a exekútori 
610 2 0 |a notárstvo 
610 2 0 |a súdnictvo 
610 2 0 |a sudcovia 
100 1 |a Trizuliak, Tibor